<?xml version="1.0" encoding="UTF-8"?><?xml-stylesheet type="text/xsl" href="static/style.xsl"?><OAI-PMH xmlns="http://www.openarchives.org/OAI/2.0/" xmlns:xsi="http://www.w3.org/2001/XMLSchema-instance" xsi:schemaLocation="http://www.openarchives.org/OAI/2.0/ http://www.openarchives.org/OAI/2.0/OAI-PMH.xsd"><responseDate>2026-04-27T19:55:27Z</responseDate><request verb="GetRecord" identifier="oai:uvadoc.uva.es:10324/71489" metadataPrefix="marc">https://uvadoc.uva.es/oai/request</request><GetRecord><record><header><identifier>oai:uvadoc.uva.es:10324/71489</identifier><datestamp>2024-11-14T20:06:59Z</datestamp><setSpec>com_10324_38</setSpec><setSpec>col_10324_787</setSpec></header><metadata><record xmlns="http://www.loc.gov/MARC21/slim" xmlns:doc="http://www.lyncode.com/xoai" xmlns:xsi="http://www.w3.org/2001/XMLSchema-instance" xmlns:dcterms="http://purl.org/dc/terms/" xsi:schemaLocation="http://www.loc.gov/MARC21/slim http://www.loc.gov/standards/marcxml/schema/MARC21slim.xsd">
<leader>00925njm 22002777a 4500</leader>
<datafield tag="042" ind1=" " ind2=" ">
<subfield code="a">dc</subfield>
</datafield>
<datafield tag="720" ind1=" " ind2=" ">
<subfield code="a">Encinas Delgado, Rebeca</subfield>
<subfield code="e">author</subfield>
</datafield>
<datafield tag="260" ind1=" " ind2=" ">
<subfield code="c">2024</subfield>
</datafield>
<datafield tag="520" ind1=" " ind2=" ">
<subfield code="a">Este TFM se propone destacar iniciativas y&#xd;
prácticas efectivas que han demostrado ser&#xd;
exitosas en inspirar y respaldar a las adolescentes&#xd;
interesadas en STEM. Al abordar estas cuestiones&#xd;
de manera integral, se espera contribuir a la&#xd;
creación de estrategias y políticas que fomenten&#xd;
un ambiente inclusivo, estimulante y equitativo para&#xd;
las jóvenes que buscan forjar su camino en el&#xd;
apasionante mundo de la ciencia y la tecnología.&#xd;
En última instancia, este trabajo aspira a ser una&#xd;
contribución significativa en el esfuerzo continuo&#xd;
por cerrar la brecha de género en STEM y&#xd;
promover la diversidad y la excelencia en estos&#xd;
campos cruciales para el progreso de la sociedad</subfield>
</datafield>
<datafield tag="520" ind1=" " ind2=" ">
<subfield code="a">The research also aims to highlight effective&#xd;
initiatives and practices that have proven successful&#xd;
in inspiring and supporting teenage girls interested&#xd;
in STEM. By addressing these issues in an integrated&#xd;
manner, it is hoped to contribute to the creation of&#xd;
strategies and policies that promote an inclusive,&#xd;
stimulating, and equitable environment for young&#xd;
women seeking to forge their path in the exciting&#xd;
world of science and technology. Ultimately, this&#xd;
work aspires to be a significant contribution to the&#xd;
ongoing effort to close the gender gap in STEM and&#xd;
promote diversity and excellence in these crucial&#xd;
fields for the progress of society</subfield>
</datafield>
<datafield tag="024" ind2=" " ind1="8">
<subfield code="a">https://uvadoc.uva.es/handle/10324/71489</subfield>
</datafield>
<datafield tag="245" ind1="0" ind2="0">
<subfield code="a">#PilotYourFuture: estudio sobre mujeres y STEM, análisis de soluciones y elaboración de una actividad para fomentar el atractivo de las titulaciones STEM en edades tempranas</subfield>
</datafield>
</record></metadata></record></GetRecord></OAI-PMH>